00554nam a2200181Ia 450000500170000000800410001702000150005808200130007310000220008624500680010826000420017630000140021865000130023265000110024594200060025695200950026299900150035720240730022833.0240331s9999 xx 000 0 und d a8187644389 bSHAa294 aShanmugalingam, N 2aA new face of durga :breligious and social change in Sri Lanka aNew DelhibKalinga Publicationsc2002 a 199 p ., aReligion aSocial cL 001040708LaWERCLbWERCLcSSCd2024-03-31l0o 294 SHAp4756r2024-03-31w2024-03-31yL c2348d2348